Business economics / (Record no. 37373)

MARC details
000 -LEADER
fixed length control field 00871nam a22002417a 4500
005 - DATE AND TIME OF LATEST TRANSACTION
control field 20100723123036.0
010 ## - LCCN (DPL NO)
LC control number ENG-96620
020 ## - INTERNATIONAL STANDARD BOOK NUMBER
International Standard Book Number 8180547388
Terms of availability 200.00
020 ## - INTERNATIONAL STANDARD BOOK NUMBER
International Standard Book Number 9788180547386
Terms of availability 200.00
035 ## - SYSTEM CONTROL NUMBER
System control number EN-80153
037 ## - SOURCE OF ACQUISITION
Source of stock number/acquisition DBAD/PUB
082 ## - DEWEY DECIMAL CLASSIFICATION NUMBER
Classification number 338.7
100 ## - MAIN ENTRY--PERSONAL NAME
Personal name Varshney, R.L.
245 ## - TITLE STATEMENT
Title Business economics /
Statement of responsibility, etc by R.L. Varshney, K.L. Maheshwari [and] R.K. Maheshwari
260 ## - PUBLICATION, DISTRIBUTION, ETC. (IMPRINT)
Place of publication, distribution, etc New Delhi
Name of publisher, distributor, etc Sultan Chand & Sons
Date of publication, distribution, etc 2009
270 ## - ADDRESS
Address 23, Daryaganj,
City New Delhi
Postal code 110002
Telephone number 23266105
Fax number 011-2326-6357
300 ## - PHYSICAL DESCRIPTION
Extent xviii, various pagings,
Other physical details ill.
Dimensions 24cm, (pbk)
700 ## - ADDED ENTRY--PERSONAL NAME
Personal name Maheshwari, K.L
9 (RLIN) 969
700 ## - ADDED ENTRY--PERSONAL NAME
Personal name Maheshwari, R.K
9 (RLIN) 970
700 ## - ADDED ENTRY--PERSONAL NAME
Personal name Maheshwari, R.K
9 (RLIN) 970
942 ## - ADDED ENTRY ELEMENTS (KOHA)
Source of classification or shelving scheme Dewey Decimal Classification
Item type English Books
Call number suffix VAR
Classification part 338.7
Holdings
Withdrawn status Lost status Not for loan Collection code Home library Current library Date acquired Source of acquisition Cost, normal purchase price Full call number Barcode Copy number Cost, replacement price Koha item type
    Not For Loan Non-fiction D.B.Act.Division D.B.Act.Division 23/07/2010 DBAD/PUB 200.00 VAR EN-80153 1 200.00 English Books

© Delhi Public Library
Hit Counter
free hit counter